Statistiques concernant Langue française: le jeu du dictionnaire #10

Cliquez ici pour prendre le quiz!

Statistiques générales

  • Ce quiz a été pris 240 fois
  • Le résultat moyen est 16 sur 20

Statistiques - réponses

CatégorieDéfinitionRéponse% Correct
NomMilieu du jour, douzième heureMidi
97%
NomPartie interne du painMie
97%
NomAppareil qui permet de voir des organismes très petitMicroscope
96%
AdjectifDix fois centMille
96%
NomMaux de tête répétésMigraine
94%
VerbeFaire cuire un aliment lentement, à petit feuMijoter
92%
NomOrganisme microscopique qui cause des maladiesMicrobe
90%
VerbeCe que certains oiseaux font en hiverMigrer
90%
AdjectifRelatif à l'arméeMilitaire
90%
NomPersonne qui agit pour une cause ou pour son parti politiqueMilitant
90%
AdjectifQui vient d'une grande ville du nord de l'ItalieMilanais
86%
NomGros pain rondMiche
85%
NomAppareil qui permet, entre autres, à entendre la voixMicrophone
84%
NomFour à cuisson très rapideMicro-ondes
77%
AdjectifMeilleur, plus agréableMieux
76%
NomTroupe levée dans les villes pour renforcer l'armée régulièreMilice
72%
AdjectifQui est joliment arrangé, qui a du charmeMignon
63%
NomImage réduite du monde, de la sociétéMicrocosme
43%
NomNom que l'on donne au fait d'urinerMiction
36%
AdjectifQui manque de vigueurMièvre
26%

Distribution des résultats

Percentile par nombre de réponses

% des personnes avec chaque résultat

Votre développement - résultats

Vous n’avez pas pris ce quiz